| 000 | 00483nam a2200169 i 4500 | ||
|---|---|---|---|
| 001 | 31020 | ||
| 003 | ES-MaACL | ||
| 005 | 20230906154308.0 | ||
| 007 | t| | ||
| 008 | 030128s1969 sp ||||1| spa d | ||
| 100 | 1 |
_aBatty, J. _926491 |
|
| 245 | 1 | 0 |
_aPresupuestos y costes standard / _cpor J. Batty ; traducida por: F. Vargas. |
| 260 |
_aMadrid : _bIbérico Europea, _c[1969] |
||
| 300 |
_a495 p. ; _c22 cm. |
||
| 700 | 1 |
_aVargas, F. _9113191 |
|
| 852 |
_aES-MaACL _jC-36055 _bR.68893 |
||
| 999 |
_c31020 _d31020 |
||